|
|
|
|
| LEADER |
00944nam a2200253 a 4500 |
| 001 |
3577029 |
| 008 |
100513s2000 njua b 001 0 eng d |
| 010 |
|
|
|a 99039266
|
| 020 |
|
|
|a 0130223298 (alk. paper)
|
| 020 |
|
|
|a 0130225746 (pbk. : alk. paper)
|
| 040 |
|
|
|a DLC
|c DLC
|d DLC
|d BD-DhAAL
|
| 082 |
0 |
0 |
|a 519.5
|2 21
|
| 100 |
1 |
|
|a McClave, James T.
|
| 245 |
1 |
0 |
|a Statistics /
|c James T. McClave, Terry Sincich.
|
| 250 |
|
|
|a 8th ed.
|
| 260 |
|
|
|a Upper Saddler River, N.J. :
|b Prentice Hall,
|c c2000.
|
| 300 |
|
|
|a xxiii, 848 p. :
|b ill. (some col.) ;
|c 27 cm.
|
| 504 |
|
|
|a Includes bibliographical references and index.
|
| 541 |
1 |
|
|e 0014725
|
| 650 |
|
0 |
|a Statistics.
|
| 700 |
1 |
|
|a Sincich, Terry.
|
| 852 |
4 |
|
|a Ayesha Abed Library
|j General shelf
|
| 999 |
|
|
|c 8567
|d 8567
|
| 952 |
|
|
|0 0
|1 0
|2 ddc
|4 0
|6 519_500000000000000_MCC_2000
|7 0
|9 10187
|a BRACUL
|b BRACUL
|c GEN
|d 2010-05-16
|l 9
|m 100
|o 519.5 MCC
|p 3010014725
|q 2023-03-27
|r 2020-01-28
|s 2020-01-28
|t 1
|w 2010-05-16
|y BK
|